1750 1658 1701 1720 1948 1836 1745 1410 1539 1644 1601 1770 1356 1754 1603 1485 1805 1609 1570 1887 1759 1916 1261 1077 1253 1697 1181 1457 1020 1086 1196 1976 1714 1505 1915 1802 1114 1175 1042 1175 1975 1151 1340 1694 1819 1984 1351 1015 1545 1349 1914 1131 1868 1403 1560 1206 1452 1692 1966 1152 1165 1800 1095 1582 1337 1099 1080 1278 1538 1858 1260 1633 1422 1504 1710 1172 1793 1392 1788 1529 1905 1375 1859 1934 1334 1495 1856 1306 1453 1665 1466 1038 1809 1147 1405 1722 1305 1295 1750 BCNSPRNW ULIB Ver.6.0+V

เปลี่ยนเป็นภาษาไทย

Change to English
 แสดงรายละเอียดบรรณานุกรม
  กลับหน้าหลัก

Brief Record : Get Marc (ISO 2709) : E-mail record : QR code < ปิดหน้าต่าง
LEADER : 00000nas 2200000uu 4500
001    13399128279
003     ULIB
008    230516s||||||||th 000 0 tha d
022 0  9770125199972
245 00 บ้านและสวน (วิทยาเขตนครสวรรค์)
310    ^aรายเดือน
850 ^a ULIB:campus^bฉบับที่ 561 ฉ.1 ;ฉบับที่ 562 ฉ.1 ;ฉบับที่ 563 ฉ.1 ;ฉบับที่ 564 ฉ.1 ;ฉบับที่ 565 ฉ.1
945    ^p130^l0^i802580
945    ^p130^l0^i802584
945    ^p130^l0^i802589
945    ^p130^l0^i802598
945    ^p130^l0^i802602
999    ^aกัณชพร
รายการนี้ยังไม่มีแท็ก
คุณยังไม่ได้ล็อกอิน คุณสามารถมีกิจกรรมร่วมกับเว็บไซต์ได้ แต่ต้องล็อกอินก่อน ::
  ล็อกอิน

รายการสื่อสารสนเทศ (วารสาร)

ดูแบบ: กล่อง รายการ
ARRIVED
ฉบับที่ 561 ฉ.1
สถานที่: ห้องสมุดวิทยาเขตนครสวรรค์ >วารสาร
ARRIVED
ฉบับที่ 562 ฉ.1
สถานที่: ห้องสมุดวิทยาเขตนครสวรรค์ >วารสาร
ARRIVED
ฉบับที่ 563 ฉ.1
สถานที่: ห้องสมุดวิทยาเขตนครสวรรค์ >วารสาร
ARRIVED
ฉบับที่ 564 ฉ.1
สถานที่: ห้องสมุดวิทยาเขตนครสวรรค์ >วารสาร
ARRIVED
ฉบับที่ 565 ฉ.1
สถานที่: ห้องสมุดวิทยาเขตนครสวรรค์ >วารสาร

BibComment


ยังไม่เคยถูกคอมเมนท์

คอมเมนท์ทรัพยากรรายการนี้
  คอมเมนท์: บ้านและสวน วิทยาเ..


 Copyright 2026. Bcnsprnw @Library